000 nam a22 7a 4500
999 _c8183
_d8183
008 171208b xxu||||| |||| 00| 0 eng d
020 _a9780330302074
100 _aCook, Robin
_94616
245 _aOutbreak
260 _aUK
_bPan Books